US States - 15 Second Sprint - Statistics

General Stats
  • This quiz has been taken 17 times
  • The average score is 11 of 50
Answers on the Map
Answers color-coded by a green-red scale on the quiz's map according to % correct below.
 
Answer Stats
Answer % Correct
Alaska
62%
Oregon
62%
California
54%
Hawaii
54%
Idaho
54%
Ohio
54%
Maine
46%
Washington
46%
Arizona
38%
Arkansas
38%
Colorado
38%
Iowa
38%
Montana
38%
Nevada
38%
Indiana
31%
Minnesota
31%
New Mexico
31%
North Dakota
31%
Utah
31%
Alabama
23%
Delaware
23%
Florida
23%
New Jersey
23%
Texas
23%
Virginia
23%
Wyoming
23%
Michigan
15%
Nebraska
15%
New York
15%
Rhode Island
15%
South Dakota
15%
Vermont
15%
West Virginia
15%
Georgia
8%
Illinois
8%
Kansas
8%
Kentucky
8%
Missouri
8%
New Hampshire
8%
Wisconsin
8%
Connecticut
0%
Louisiana
0%
Maryland
0%
Massachusetts
0%
Mississippi
0%
North Carolina
0%
Oklahoma
0%
Pennsylvania
0%
South Carolina
0%
Tennessee
0%
No matching quizzes found
Score Distribution
Percent of People with Each Score
Percentile by Number Answered
Your Score History
You have not taken this quiz